书目信息 |
| 题名: |
中西医结合治疗风湿性心脏病的体会
|
|
| 作者: | 鞍山市曙光毛泽东思想医疗宣传队 | |
| 分册: | ||
| 出版信息: | 北京 人民卫生出版社 1972 |
|
| 页数: | 77页 | |
| 开本: | 20cm | |
| 丛书名: | ||
| 单 册: | ||
| 中图分类: | R541.2 | |
| 科图分类: | ||
| 主题词: | 心脏血管疾病 | |
| 电子资源: | ||
| ISBN: | ||
| 000 | 00752nam0 2200205 450 | |
| 001 | 0632323074 | |
| 005 | 20060815090012.31 | |
| 010 | @dCNY0.16 | |
| 091 | @a14048.3295 | |
| 100 | @a20060815d1972 km y0chiy0120 ea | |
| 101 | 0 | @achi |
| 102 | @aCN@b110000 | |
| 200 | 1 | @a中西医结合治疗风湿性心脏病的体会@Azhong xi yi jie he zhi liao feng shi xing xin zang bing de ti hui@f鞍山市曙光毛泽东思想医疗宣传队@Fan shan shi shu guang mao ze dong si xiang yi liao xuan chuan dui |
| 210 | @a北京@c人民卫生出版社@d1972 | |
| 215 | @a77页@d20cm | |
| 606 | 0 | @a心脏血管疾病 |
| 690 | @aR541.2@v3 | |
| 701 | 0 | @a鞍山市曙光毛泽东思想医疗宣传队@Aan shan shi shu guang mao ze dong si xiang yi liao xuan chuan dui |
| 801 | 0 | @aCN@bPFT@c20060815 |
| 905 | @a10447@dR541.2@e74 | |
| 中西医结合治疗风湿性心脏病的体会/鞍山市曙光毛泽东思想医疗宣传队.-北京:人民卫生出版社,1972 |
| 77页;20cm |
| ISBN :CNY0.16 |
| ● |
| 相关链接 |
|
|
|
|
正题名:中西医结合治疗风湿性心脏病的体会
索取号:R541.2/74
 
预约/预借
| 序号 | 登录号 | 条形码 | 馆藏地/架位号 | 状态 | 备注 |
| 1 | 0458369 | 204583691 | 密集书库/ [索取号:R541.2/74] | 在馆 |